00381nam a2200145Ia 4500003000400000008004100004040001600045082001600061100002500077245004600102260004700148300001100195650001400206650001500220GCL140319s9999 xx 000 0 eng d aGCL / cGCL04a701.85bK A1 aKOBAYASHI, SHIGENOBA10aA BOOK OF COLORS / cKOBAYASHI, SHIGENOBA a[S.N] : bKODANSHA INTERNATIONAL ، c1987 a128 PP04aCOLOURING04aART, JAPAN